[Event "Rheinland Pfalz op 5th"]
[Site "Worms"]
[Date "2013.05.31"]
[Round "4"]
[White "Yankelevich, Michael"]
[Black "Grams, Thilo"]
[Result "0-1"]
[WhiteElo "1644"]
[BlackElo "1249"]
[PlyCount "84"]
[EventDate "2013.05.30"]
[EventType "swiss"]
[EventRounds "7"]
[EventCountry "GER"]
[SourceTitle "EXT 2014"]
[Source "ChessBase"]
[SourceDate "2013.11.20"]
[SourceVersion "1"]
[SourceVersionDate "2013.11.20"]
[SourceQuality "1"]

1. e4 d6 2. d4 Nf6 3. Nc3 g6 4. Nf3 Bg7 5. Bd3 0-0 6. h3 c6 7. Be3 Nbd7 8. Qd2 b5 9. g4 Qa5 10. Nh2 e5 11. f4 exd4 12. Bxd4 b4 13. Ne2 c5 14. Bf2 Bb7 15. Ng3 Rfe8 16. 0-0 Nxe4 17. Bxe4 Bxe4 18. Nxe4 Rxe4 19. Qxd6 Nf8 20. Qxc5 Qxc5 21. Bxc5 Ne6 22. Bd6 Rd8 23. Rad1 Bd4+ 24. Kh1 Rxd6 25. f5 Ng5 26. Rd3 Re3 27. Rd2 Be5 28. Rxd6 Bxd6 29. Rd1 Bxh2 30. Kxh2 Re2+ 31. Kg3 gxf5 32. gxf5 Rxc2 33. f6 Ne4+ 34. Kf4 Nxf6 35. Kf5 Rf2+ 36. Ke5 Kg7 37. Rd4 a5 38. a3 Re2+ 39. Kf5 bxa3 40. bxa3 Re3 41. Ra4 Rxh3 42. Kf4 Rh4+ 0-1